000 00605nam a22001937a 4500
003 AM-YeHGA
040 _aAM-YeHGA
090 _c441842
005 20250617155801.0
008 191011b ||||| |||| 00| 0 rus d
041 0 _arus
110 2 _aМарийский НИИ языка, литературы и истории
245 1 0 _aТруды /
_cМарийский НИИ яз., лит. и истории
260 _aЙошкар-Ола :
_bБ. и.,
_c1955
300 _aвыпуск
505 1 _gВып. 7 (1955; 209 с.)
653 0 _aМарийский край
942 _2udc
_cBK
999 _c439108
_d439108